01020nam a2200289 a 450000100060000000300080000600500170001400800410003102000150007202000220008703500200010904000270012904100080015608200260016424500820019026000330027230000350030549000820034050000510042265000260047365000190049965000300051865000320054865000340058070000340061483000820064859443BD-RjUL20211209080730.0161224s2003 enka b 001 0 eng  a0415310040 a0415310059 (pbk.) a(BD-RjUL) 59567 aDLCcDLCbengdBD-RjUL aeng00a306.461223bSOC 200300aSocial and cultural lives of immune systems /cedited by James M. Wilce, Jnr. aLondon :bRoutledge,cc2003. aviii, 318 p. :bill. ;c24 cm. aTheory and practice in medical anthropology and international health ;vv. 10 aIncludes bibliographical references and index. 0aMedical anthropology. 0aImmune system. 0aCulturexSemiotic models. 0aHuman bodyxSocial aspects. 0aHuman bodyxSymbolic aspects.1 aWilce, James MacLynn,d1953-. 0aTheory and practice in medical anthropology and international health ;vv. 10